000 00432nam a22001817a 4500
003 koha_MIRAKIL
005 20231213095941.0
008 231213b |||||||| |||| 00| 0 ||| d
020 _b978-6-05-401737-9
040 _aTR-IsEVY
_btur
_cTR-IsEVY
082 _a808.06831 YAM/İ
100 _aYamaç, Ayşe.
245 0 _aİki yunus
250 _a7. bs.
260 _bBU Yayınevi,
_c2014
300 _a78 s.
942 _2ddc
_cBK
999 _c12090
_d12090